000 00638pam a2200229 a 4500
001 480369
005 20180119042955.0
008 841102s1985 nyua b 001 0 eng c
010 _a 84023158
020 _a0443082855
040 _aDNLM/DLC
_cDLC
_dDLC
041 _aeng
060 _aWO 300 H236
080 _a617..964 ray
082 0 0 _a617..964 ray
_219
100 _a6
101 _ashm
245 0 0 _aHandbook of regional anesthesia /
_cedited by P. Prithvi Raj ; original drawings by Tom Sims.
504 _aIncludes bibliographies and index.
906 _a7
_bcbc
_corignew
_d1
_eocip
_f19
_gy-gencatlg
942 _2ddc
_cBK
999 _c40546
_d40546